The Promise of world tensions
The important role of technicians and scientists, doctors and teachers, is stressed. These are the people who can meet in international conferences, sonfer in common and non-political language, agree on scientific and technical matters. These groups can assess resources of underdeveloped countries a...
保存先:
| フォーマット: | 図書 |
|---|---|
| 言語: | Undetermined |
| 出版事項: |
New York
Macmillan
1961
|
| 主題: | |
| タグ: |
タグ追加
タグなし, このレコードへの初めてのタグを付けませんか!
|
| Thư viện lưu trữ: | Trung tâm Học liệu Trường Đại học Cần Thơ |
|---|
| LEADER | 01041nam a2200181Ia 4500 | ||
|---|---|---|---|
| 001 | CTU_227779 | ||
| 008 | 210402s9999 xx 000 0 und d | ||
| 082 | |a 327 | ||
| 082 | |b P965 | ||
| 245 | 4 | |a The Promise of world tensions | |
| 245 | 0 | |c Edited by Harlan Cleveland | |
| 260 | |a New York | ||
| 260 | |b Macmillan | ||
| 260 | |c 1961 | ||
| 520 | |a The important role of technicians and scientists, doctors and teachers, is stressed. These are the people who can meet in international conferences, sonfer in common and non-political language, agree on scientific and technical matters. These groups can assess resources of underdeveloped countries and make sustained programs for progress. The book is spotty, neither startlingly new nor sufficiently specific, but the various essays do project a variety of provocative ideas for a more active and sustained approach to international living. | ||
| 650 | |a Hợp tác Quốc tế,International cooperation | ||
| 910 | |b dqhieu | ||
| 980 | |a Trung tâm Học liệu Trường Đại học Cần Thơ | ||